Statistics for U.S. President by Lie

Click here to take the quiz!

General Stats

  • This quiz has been taken 28,892 times
  • The average score is 11 of 15

Answer Stats

HintAnswer% Correct
And Mexico is paying for the wall, by the wayDonald Trump
99%
You're not going to get Covid if you have these vaccinationsJoe Biden
98%
I did not have sexual relations with that womanBill Clinton
96%
If you like your health care plan, you'll be able to keep your health care planBarack Obama
95%
The Iraq regime continues to possess and conceal some of the most
lethal weapons ever devised
George W. Bush
95%
I have previously stated, and I repeat now, that the United States intends
no military intervention in Cuba
John F. Kennedy
86%
We did not, repeat, did not trade weapons or anything else for hostages, nor will weRonald Reagan
79%
The world will note that the first atomic bomb was dropped on Hiroshima, a military baseHarry S. Truman
70%
We are not about to send American boys 9 or 10 thousand miles away from home
to do what Asian boys ought to be doing for themselves
Lyndon B. Johnson
67%
Read my lips: no new taxesGeorge H. W. Bush
65%
Just put "____ _____, Plains, Georgia" on the envelope, and I’ll get it.
I open every letter myself and read them all.
Jimmy Carter
64%
I'm as strong as a bull mooseTheodore Roosevelt
64%
When the President does it, that means that it is not illegal
Richard Nixon
61%
Your boys are not going to be sent into any foreign warsFranklin D. Roosevelt
59%
Mexico has passed the boundary of the United States, has invaded our territory
and shed American blood upon the American soil
James K. Polk
31%

Score Distribution

Percentile by Number Answered

Percent of People with Each Score

Your Score History

You have not taken this quiz